000 00430nam a2200169Ia 4500
008 131103s9999 xx 000 0 und d
040 _aLoreto College
041 _aEnglish
082 _aF/WHE
_bLCLIB/2381
100 _aWheatley,Dennis
245 _aVendetta in Spain
_cDennis Wheatley
260 _aLondon
_bHutchinson
_c1961
300 _a383 p.
_c 20 cm.
650 _aFiction in English
850 _aLCLIB
942 _cBK
999 _c14456
_d64935